000 01089nam a22003137a 4500
001 BR8903969
003 BR-BrBNA
005 20230928093258.0
007 ta
008 230509b bl.||||| |||| 00| 0 por d
040 _aBR-BrBNA
_bpor
_cBiblioteca Nacional de Agricultura
041 _a(Eng, Por)
072 _aK50; F50; J12
_b8901
_b/G514
090 _ 8901 BR8903969
110 1 _aInstituto Brasileiro de Desenvolvimento Florestal, Brasilia, DF (Brasil)
_95727
245 1 _aMadeiras da Amazonia, caracteristicas e utilizacao. Estacao Experimental de Curua-Una.- Amazonian timbers, characteristics and utilization. Curua-Una Experimental Forest Station. v. 2
260 3 _aBrasilia, DF (Brasil):
_c1988.
300 _a236 p.
500 _a12 tables; Summaries (Eng, Por); Bibliography p. 234-236 (50 ref.)
650 _aMADEIRA
650 _aVARIEDADE
650 _aPROPRIEDADE FISICO-QUIMICA
650 _aPROPRIEDADE MECANICA
650 _aPRESERVACAO DA MADEIRA
650 _aSECAGEM
650 _aAMAZONIA
909 _a202309
_bLucia
_c55
_dLucia Elande
942 _cBK
999 _c44044
_d44044